000 00706cam a2200253 a 4500
001 000008072
005 20200929154424.0
008 891018s1994 sp 000 f spa d
020 _a8432245933
040 _aDO-SdBNP
_bBNPHU
082 _a863.64
_bM971i, 1994
100 1 _aMuñoz Molina, Antonio,
_d1956-
_915035
245 1 3 _aEl invierno en Lisboa /
_cAntonio Muñoz Molina.
250 _a28a ed.
260 _aBarcelona :
_bSeix Barral,
_c1994.
300 _a187 p. ;
_c20 cm.
586 _aPremio de la crítica
586 _aPremio nacional
650 4 _aNovela española
_91123
650 4 _aLiteratura española
_9632
910 _aCatalogación derivada
910 _aWM
049 _aBNGR
999 _c7849
_d7849